000 01144nam a22002417a 4500
999 _c7683
_d7683
003 AR-CdUCM
008 190321b ||||| |||| 00| 0 spa d
040 _aMUNICIPALIDAD PROVINCIAL DEL CUSCO
_cBIBLIOTECA MUNICIPAL DEL CUSCO
082 _a591.5 /
_bB26
100 _aBarrantes Huamani, Rocio Marisol
_921687
245 _aLa alpaca y la llama :
_bRevalorando las practicas de crianza y su uso en la alimentación y nutrición en las zonas alto andinas del Perú /
260 _aAbancay :
_bDanny´s Graff
_c2016.
300 _a91 paginas ;
_bIlustraciones,
_c24 cm.
505 _aContenido : Alimentación y seguridad alimentaria en el ande Peruano -- Economía campesina -- Características de la alimentación de los campesinos en la zona alto andina -- La ganadería altoandina -- El consumo de la carne y charqui de alpaca y llama en la nutrición del poblador altoandino...
650 _aCrianza de Alpaca
_921688
650 _aLlama
_921689
650 _aZona altoandina
_921690
650 _aGanaderia
_9321
650 _aCamelidos
_912197
700 _aVásquez Giraldo, Nut Margot
_921691
942 _2ddc
_cLIBROS
945 _awnts